| Поле | Название | Значение |
| |
Тип записи |
a |
| |
Библиографический уровень |
m |
| 001 |
Контрольный номер |
RU\bookru\bibl\916512 |
| 003 |
Постоянный идентификатор записи |
http://www.book.ru/book/916512 |
| 005 |
Дата корректировки |
20161026112404.4 |
| 010 |
Индекс ISBN |
__ |
| a |
ISBN |
978-5-406-04439-1 |
| 100 |
Данные общей обработки |
0_ |
| a |
Данные общей обработки |
20150314d2015 mk y0rusy50 ca |
| 101 |
Язык документа |
0_ |
| a |
Язык текста |
Русский |
| 102 |
Страна публикации |
__ |
| a |
Страна публикации |
RU |
| 105 |
Кодированные данные (монография) |
__ |
| a |
Кодированные данные (монография) |
y ||||000yy |
| 200 |
Заглавие и сведения об ответственности |
1_ |
| a |
Заглавие |
Инновационный менеджмент. Практикум (для бакалавров) |
| 210 |
Выходные данные |
__ |
| a |
Место издания |
Москва |
| c |
Издательство |
КноРус |
| d |
Дата издания |
2015 |
| 215 |
Физическое описание |
__ |
| a |
Объем |
325 |
| 330 |
Аннотация |
__ |
| a |
Аннотация |
Рассчитано на кредитно-модульную систему обучения. Предназначено для активного и интерактивного обучения. Реализует компетентностный подход к организации учебного процесса. Подготовлено для методического обеспечения практических занятий, аудиторной и внеаудиторной самостоятельной работы студентов по дисциплине «Инновационный менеджмент». Содержит комплекс деловых игр, упражнений, контрольных вопросов, тестовых заданий. Для подготовки бакалавров, специалистов, магистров, аспирантов. Может быть полезно для преподавателей экономических, технических и естественно-научных вузов, а также специалистов и руководителей в области инновационного менеджмента. |
| 606 |
Тематические рубрики |
__ |
| a |
Основная рубрика |
Менеджмент |
| 2 |
Код системы |
local |
| 608 |
Указатель предметных рубрик |
__ |
| a |
Жанр/форма |
Учебное пособие |
| 2 |
Код системы |
local |
| 675 |
Индекс УДК |
__ |
| a |
Индекс УДК |
65.0(075.8) |
| z |
Язык издания |
rus |
| 686 |
Индексы других классификаций |
__ |
| a |
Классификационный индекс |
65.291.21я73 |
| 2 |
Код системы |
rubbk |
| 700 |
Автор |
_1 |
| a |
Фамилия |
Вишняков Я.Д., Кирсанов К.А., Киселева С.П. |
| 801 |
Источник записи |
_1 |
| a |
Страна |
RU |
| b |
Организация |
book_ru |
| c |
Дата составления |
20150314 |
| g |
Правила каталогизации |
RCR |
| 856 |
Электронный адрес документа |
4_ |
| u |
Универсальный указатель ресурса (URL) |
http://www.book.ru/book/916512 |
| 951 |
|
__ |
| a |
|
http://www.book.ru/book/916512 |